Loading...
Religion | 0 | 7 | 0 | 0 | 70 | 28 | 86.57 | 2 | 2 |
History - American History | 0 | 6 | 0 | 1 | 60 | 89 | 119.33 | 0 | 0 |
Social Science | 0 | 6 | 1 | 0 | 55 | 73 | 103.67 | 1 | 3 |
Painting & Sculpture | 0 | 5 | 0 | 1 | 50 | 88 | 119.80 | 1 | 1 |
Geography | 0 | 5 | 2 | 1 | 40 | 31 | 84.40 | 2 | 2 |
History - World History | 0 | 4 | 0 | 1 | 40 | 77 | 112.50 | 0 | 0 |
Mythology | 0 | 4 | 0 | 0 | 40 | 72 | 100.75 | 0 | 0 |
Any History | 0 | 4 | 1 | 0 | 35 | 48 | 87.25 | 1 | 1 |
Literature - European Literature | 0 | 4 | 1 | 1 | 35 | 97 | 118.75 | 0 | 1 |
Other Academic | 0 | 4 | 1 | 0 | 35 | 92 | 106.25 | 1 | 1 |
Current Events | 0 | 4 | 2 | 0 | 30 | 73 | 99.50 | 1 | 3 |
Literature - American Literature | 0 | 3 | 1 | 1 | 25 | 70 | 108.67 | 0 | 1 |
Science - Other Science | 0 | 2 | 0 | 0 | 20 | 77 | 98.00 | 0 | 0 |
Philosophy | 0 | 1 | 0 | 1 | 10 | 120 | 120.00 | 0 | 0 |
History - European History | 0 | 1 | 0 | 0 | 10 | 134 | 134.00 | 1 | 1 |
Fine Arts - Classical Music | 0 | 1 | 0 | 0 | 10 | 68 | 68.00 | 1 | 1 |
Fine Arts - Other Fine Arts | 0 | 2 | 3 | 1 | 5 | 132 | 138.50 | 0 | 0 |
Literature - British Literature | 0 | 1 | 1 | 1 | 5 | 147 | 147.00 | 0 | 0 |